000 01537nac a22002651u 4500
010 _a 2006003852
082 0 0 _a658.4012
_bHUN
090 _c7716
_d7716
100 _aHunger, J. David,
245 1 0 _aEssentials of strategic management /
_cJ. David Hunger, Thomas L. Wheelen.
250 _a4th ed.
260 _aUpper Saddle River, N.J. :
_bPearson Education,c2007.
_cc2007.
300 _ap. cm.
500 _aIncludes index.
500 _aDistributer: Baccah.
505 0 _aBasic concepts of strategic management -- Corporate governance and social responsibility -- Environmental scanning and industry analysis -- Internal scanning : organizational analysis -- Strategy formulation : situation analysis and business strategy -- Formulation : corporate strategy -- Strategy formulation : functional strategy and strategic choice -- Strategy implemenation: organizing for action -- Strategy implemenation : staffing and leading -- Evaluation and control -- Suggestions for case analysis.
511 _aCatalogued By: Mahitab.
650 0 _aStrategic planning.
650 0 _aCase method.
700 1 _aWheelen, Thomas L.
856 4 1 _3Table of contents only
_uhttp://www.loc.gov/catdir/toc/ecip067/2006003852.html
942 _cBB
_k658.4012HUN
999 _c7716
_d7716